De ornatu et vestibus Aaronis commentarii literales et moralis in caput XXVIII Exodi sive idea perfecti sacerdotis et hominis chris.

Detalles Bibliográficos
Autor principal: CASTILLO Y ARTIGA, Diego del
Formato: Libro
Publicado: Amberes 1671
Materias:
Colección:Banco de datos
Acervo:Biblioteca del Convento de San Pablo. Yuririahupándaro. Guanajuato
Tema general:Ascética
Notas:Regular. No identificada 1. 2J6, 10.
LEADER 00772nam a22001930004500
035 |a 36400 
036 |a 2041 
100 1 |a CASTILLO Y ARTIGA, Diego del 
245 1 0 |a De ornatu et vestibus Aaronis commentarii literales et moralis in caput XXVIII Exodi sive idea perfecti sacerdotis et hominis chris. 
260 |a Amberes  |b Jerónimo Met. Juan Bautista Verdussen imp.  |c 1671 
500 |a Regular. No identificada 1. 2J6, 10. 
650 1 0 |a Ascética 
949 |a CRG-CY 
959 |a Ex convento de San Pablo, Museo Regional de Yuririahpúndaro, Guanajuato  |b CCC9 
960 |a Convento San Pablo Yuririahpúndaro, Guanajuato  |b DD86 
961 |a Agustina  |b OA 
942 |c CRG-CY 
943 |g Biblioteca del Convento de San Pablo. Yuririahupándaro. Guanajuato 
999 |c 957066  |d 957066